000 00283 a2200133 4500
001 48865
040 _cAnchieta - Bela Vista
100 _aDansa, Lecticia
240 1 0 _aPinĂ³quio
_lpor
245 1 0 _aPinĂ³quio
362 0 _a2010
650 4 _aLiteratura infanto-juvenil
942 _cBK
999 _c48865
_d48865